Economic Man and the Anthropology of Economics. (Record no. 4139)

MARC details
000 -LEADER
fixed length control field 00345nam a22001337a 4500
008 - FIXED-LENGTH DATA ELEMENTS--GENERAL INFORMATION
fixed length control field 250704b |||||||| |||| 00| 0 eng d
020 ## - INTERNATIONAL STANDARD BOOK NUMBER
ISBN 2345678910
100 ## - MAIN ENTRY--AUTHOR
Author COLLIER M.
245 ## - TITLE STATEMENT
Title Economic Man and the Anthropology of Economics.
260 ## - PUBLICATION, DISTRIBUTION, ETC. (IMPRINT)
Place of publication London
Name of publisher Collier MacMillan
Date of publication 1974
300 ## - COLLATION
Pagination x, 278p.
942 ## - ADDED ENTRY ELEMENTS (KOHA)
Item type Books
050 ## - LIBRARY OF CONGRESS CALL NUMBER
Classification number HD4901
Item number .S33
Holdings
Source of classification or shelving scheme Not for loan Permanent location Current location Date acquired Accession No. Full call number Barcode. Koha item type
Library of Congress Classification   Samuel Ogbemudia Main Library, University of Abuja Samuel Ogbemudia Main Library, University of Abuja 07/04/2025 2017/481266 HD4901.S33 2025-2883 Books